[Event "Corus"]
[Site "Wijk aan Zee"]
[Date "2000.01.22"]
[Round "6"]
[White "Piket, Jeroen"]
[Black "Adams, Michael"]
[Result "1/2-1/2"]
[WhiteElo "2633"]
[BlackElo "2715"]
[Annotator "Ribli,Z"]
[PlyCount "59"]
[EventDate "2000.01.15"]
[EventType "tourn"]
[EventRounds "13"]
[EventCountry "NED"]
[EventCategory "18"]
[SourceTitle "CBM 075"]
[Source "ChessBase"]
[SourceDate "2000.04.05"]
[SourceVersion "1"]
[SourceVersionDate "2000.04.05"]
[SourceQuality "1"]

1. Nf3 Nf6 2. c4 e6 3. g3 d5 4. Bg2 Be7 {Der englische Großmeister spielt
gerne geschlossene Stellungen, aber die Alternative 4...dxc4 bietet auch gute
Chancen auf Ausgleich.} 5. O-O O-O 6. d4 dxc4 7. Ne5 {Eine seltene Variante -
man bevorzugt generell 7.Qc2.} Nc6 {Gewöhnlich ist dies das Rezept gegen den
Zug 7.Ne5. Ich möchte anmerken, dass Schwarz auch nach Nc3 statt 0-0 mit 7...
Nc6 reagieren muss.} (7... c5 8. dxc5 Qc7 9. Nxc4 $14) 8. Nxc6 (8. Bxc6 bxc6 9.
Nxc6 Qe8 10. Nxe7+ Qxe7 11. Qa4 {Das ist die andere Hauptvariante - Schwarz
muss entweder 11...e5 oder 11...c5 ziehen. In beidem Fällen bekommt er
Kompensation für den Bauern (er verliert den Pc4).}) 8... bxc6 9. e3 (9. Na3)
9... Nd5 (9... Ba6 10. Bxc6 c3 11. Bxa8 cxb2 12. Bxb2 Bxf1 13. Bf3 $14 {
Dank der besseren Bauernstruktur steht Weiß etwas besser.}) 10. Qa4 (10. Qe2 a5
11. e4 Nb4 12. Be3 Ba6 13. Nc3 Rb8 14. Rab1 Nd3 15. Rfd1 c5 16. dxc5 Bf6 17. h4
Qe7 18. c6 Qb4 {0-1 Niklasch,O-Van Voorthuijsen,P/Taastrup 1997/EXT 99 (39)}) (
10. Qc2 $6 Ba6 11. a3 c3 12. Rd1 cxb2 13. Bxb2 Rb8 14. e4 Nf6 15. Nc3 Bc4 16.
Rd2 Qc8 17. Re1 Qa6 {1-0 Mertens,M-Richter,S/Leipzig 1998/EXT 99 (27)}) 10...
Nb6 (10... a5 11. Rd1 Qd6 12. Qxc4 Ba6 13. Qc2 Nb4 14. Qd2 e5 15. a3 Nd3 16.
Be4 Nxc1 17. Rxc1 exd4 18. exd4 Bf6 19. Rxc6 Qxd4 20. Qxd4 Bxd4 21. Nc3 {
1/2-1/2 Ippolito,D-Gormally,D/London 1999/CBM 70 ext (21)}) 11. Qc2 (11. Qa5
Rb8 (11... Qd6 12. a3 Rb8 13. Nd2 f5 14. b3 c5 15. Nxc4 Nxc4 16. bxc4 Qb6 17.
Qxb6 cxb6 18. e4 Ba6 19. Bf4 Rbd8 20. exf5 exf5 21. dxc5 Bxc5 {1/2-1/2
Hassabis,D-McDonald,N/London 1994/CBM 43 ext (62)}) 12. Na3 Bd7 13. Bd2 $44 Bd6
14. Rfc1 Qe7 15. Rab1 c5 $11 {0-1 Wells,P-Arlandi,E/Escaldes 1998/CBM 68/
[Ribli] (18)}) (11. Qxc6 Rb8 {/\ Bb7=}) 11... Rb8 {Schwarz hat schlechte
Bauern auf der c-Linie, aber Weiß kann nur einen von ihnen gewinnen. Schwarz
bekommt Gegenspiel auf der halboffenen b-Linie.} 12. Rd1 (12. Bxc6 Nd5 (12...
Bb7 $11) 13. Qxc4 Rb6 14. Rd1 Ba6 15. Qa4 Qd6 16. Bxd5 exd5 17. Nc3 Bc8 18. Qc2
Bg4 {1/2-1/2 Arsovic,Z-Jovanovic,Z/Nis 1993/EXT 97 (72)}) 12... Qe8 {Das ist
die beste Fortsetzung für Schwarz - die Dame verteidigt den Pc6, entfernt sich
aus der d-Linie und bereitet so den Zug c6-c5 vor.} (12... a5 13. Nd2 Ba6 14.
Bxc6 Nd5 15. a3 Qd6 16. Ba4 Nb6 17. Ne4 Qd5 18. Nc3 Qf3 19. e4 Bb7 20. Re1 Bf6
21. Be3 c5 {1/2-1/2 Amura,C-Van Riemsdijk,H/La Plata 1998/CBM 67 ext (36)}) 13.
Nd2 c5 $5 {[%mdl 4] Schwarz kümmert sich nicht um die Verteidigung des Pc4,
sondern gibt den Mehrbauern zurück, um auf Ausgleich zu spielen.} (13... Ba6
14. b3 $1 c5 15. Bb2 $1 cxd4 16. Bxd4 Bb5 $1 17. Qe4 $1 c5 18. Be5 f5 $1 19.
Qc2 Rd8 (19... Rc8 $5 {Cvetkovic,S}) 20. bxc4 Bc6 21. e4 $1 $14 {Arsovic,
Z-Cvetkovic,S/Jugoslavija (ch_open) 1994/Inf 60 (21)}) 14. dxc5 (14. Nxc4 cxd4
15. Rxd4 (15. exd4 Nxc4 16. Qxc4 Bd6 $11) 15... Bf6 $11) 14... Bxc5 15. Nxc4
Nxc4 16. Qxc4 {Weiß besitzt dank der besseren Bauernstruktur einen
mikroskopisch kleinen Vorteil. Der Bc7 ist theoretisch schwach.} Qb5 17. Qxb5 (
17. Qc2 Bb7 $11) 17... Rxb5 $11 18. b3 {Auf diese Weise kann Weiß das schwarze
Spiel auf der halboffenen b-Linie neutralisieren.} Bb7 19. Bxb7 (19. Rd7 $6 Bd6
20. Bxb7 Rxb7 {Der Rd7 steht unglücklich, so dass Schwarz mit Rfb8 - Kf8-Ke8
fortsetzen kann.}) 19... Rxb7 20. Bb2 Bd6 {Weiß hat einen sehr kleinen Vorteil,
aber durch die Aktivierung seines Königs kann Schwarz das Spiel ausgleichen.}
21. Rac1 {Die weiße Drohung lautet 22.Bd4 (im Falle von 22...e5 folgt 23.Bc5)
nebst 23.Rc6 mit positionellem Druck.} (21. Bd4 e5 $11) 21... Rb6 $1 22. e4 f6
(22... e5 23. Rd5 $14) 23. Bd4 (23. f4 $5 $14) 23... Ra6 24. Rc2 Rb8 25. Kf1
Rb5 26. Ke2 Kf7 {Der schwarze König strebt in die Nähe des Pc7 - danach wird
die Stellung völlig ausgeglichen.} 27. Rd3 Ke8 28. a4 Rb7 29. Rc4 {Der
schwarze Turm steht etwas unglücklich auf a6.} Be7 {Schwarz bereitet den
Befreiungszug c6 vor.} (29... Kd7 $6 30. e5 fxe5 31. Bxe5 $14) 30. e5 {Und in
ausgeglichener Stellung wurde Remis gegeben.} (30. e5 f5 $11 {Schwarz kann
Ra5-Rd5 spielen, mit Ausgleich.}) 1/2-1/2

[Event "Perenyi Memorial"]
[Site "Gyula"]
[Date "2000.01.30"]
[Round "7"]
[White "Horvath, Csaba"]
[Black "Yu, Shaoteng"]
[Result "1/2-1/2"]
[WhiteElo "2519"]
[BlackElo "2535"]
[Annotator "Ribli,Z"]
[PlyCount "41"]
[EventDate "2000.01.24"]
[EventType "tourn"]
[EventRounds "13"]
[EventCountry "HUN"]
[EventCategory "9"]
[SourceTitle "CBM 076"]
[Source "ChessBase"]
[SourceDate "2000.05.31"]
[SourceVersion "1"]
[SourceVersionDate "2000.05.31"]
[SourceQuality "1"]

1. d4 e6 2. c4 Nf6 3. g3 d5 4. Nf3 Be7 5. Bg2 O-O 6. O-O dxc4 7. Ne5 {Das ist
eine heutzutage relativ selten gespielte Nebenvariante. Die Huptfortsetzung 7.
Qc2 verspricht Weiß bessere Chancen auf Eröffnungsvorteil.} Nc6 {Das ist die
prinzipielle Antwort. Schwarz hat keine Angst vor einer schlechten
Bauernstruktur, er möchte seinen Damenflügel um jeden Preis entwickeln.} (7...
c5 8. dxc5 Qc7 9. Nxc4 $14) (7... Qd6 8. Nxc4 Qa6 9. Nba3 $14) 8. Nxc6 (8. Bxc6
bxc6 9. Nxc6 Qe8 10. Nxe7+ Qxe7 11. Qa4 {Auf diese Weise kann Weiß zwar einen
Bauern gewinnen, weil der Pc4 nicht zu verteidigen ist, aber mit
anschließendem 11...e5 oder 11...c5 bekommt Schwarz genügend Kompensation -
die weißen Felder am weißen Königsflügel sind schwach.}) 8... bxc6 9. e3 {
Weiß muss sich nicht beeilen, den Bauern zurück zu gewinnen, zuerst verstärkt
er seine Zentrumsstellung.} (9. Na3) (9. Bxc6 Rb8 $11) 9... Nd5 10. Qa4 Nb6 (
10... a5 11. Rd1 Qd6 12. Qxc4 Ba6 13. Qc2 Nb4 14. Qd2 e5 15. a3 Nd3 16. Be4
Nxc1 17. Rxc1 exd4 18. exd4 Bf6 19. Rxc6 Qxd4 20. Qxd4 Bxd4 21. Nc3 {1/2-1/2
Ippolito,D-Gormally,D/London 1999/CBM 70 ext (21)}) 11. Qc2 (11. Qa5 Rb8 12.
Na3 Bd7 13. Bd2 $44 Bd6 14. Rfc1 Qe7 15. Rab1 c5 $11 {0-1 Wells,P-Arlandi,E/
Escaldes 1998/CBM 68/[Ribli] (18)}) 11... Qd7 (11... Rb8 12. Bxc6 (12. Rd1 Qe8
13. Nd2 Ba6 14. b3 c5 $13) 12... Nd5 (12... Bb7 $11) 13. Qxc4 Rb6 14. Rd1 Ba6
15. Qa4 Qd6 16. Bxd5 exd5 17. Nc3 Bc8 18. Qc2 Bg4 {1/2-1/2 Arsovic,Z-Jovanovic,
Z/Nis 1993/EXT 97 (72)}) 12. Nd2 Ba6 (12... a5 $6 13. Nxc4 $5 (13. Rd1 $44)
13... Nxc4 14. Qxc4 Ba6 15. Qxc6 Qxc6 16. Bxc6 $16) 13. Rd1 Rfd8 (13... Rad8
14. b3 c5 15. Nxc4 Bxc4 16. bxc4 Qa4 17. Qxa4 Nxa4 18. Ba3 Bd6 19. Rac1 cxd4
20. Bxd6 cxd6 21. exd4 Rc8 22. Rd3 Rc7 23. Ra3 Nb6 24. c5 {1-0 Scarella,
E-Zarnicki,P/Buenos Aires 1994/TD (40)}) 14. b3 {Das ist ein typisches Motiv -
Weiß tauscht den schwarzen Mehrbauern und spielt auf der c-Linie.} cxb3 (14...
Rab8 15. Nxc4 (15. bxc4 c5 $15) 15... Nxc4 16. bxc4 c5 17. Ba3 (17. d5 $2 Bf6
$17) 17... cxd4 18. Rxd4 Qe8 $11) 15. Qxc6 (15. axb3 $6 Be2 $5 (15... Bb5 $15)
16. Re1 Bb5 $15) 15... Qxc6 16. Bxc6 Rab8 17. axb3 Bb7 18. Bxb7 (18. Be4 Bxe4
19. Nxe4 f5 $11) 18... Rxb7 {[%mdl 4096] In dieser Stellung hat Weiß dank der
besseren Bauernstruktur theoretisch Vorteil, aber Schwarz kann seine Stellung
mit c7-c6 oder e6-e5 befreien.} 19. Ba3 Bxa3 (19... Kf8 20. Ne4 $14) 20. Rxa3
e5 $132 {[%mdl 64]} 21. Ne4 {Und hier einigte man sich - in ausgeglichener
Stellung - auf Remis.} (21. dxe5 c5 {[%cal Gb7d7,Gd8d1]} 22. Kf1 Rbd7 23. Ke2
c4 $36 {Schwarz hat spürbar Aktivität, er steht keineswegs schlechter.} 24.
Raa1 cxb3 (24... Nd5 $5) 25. Nxb3 Rxd1 26. Rxd1 Rxd1 27. Kxd1 Nc4 $15) (21. Ne4
Nc8 $11 {[%cal Gb7b4,Gb4e4] Die Bauern sind auf beiden Seiten gleichermaßen
schwach.}) 1/2-1/2

[Event "Corus"]
[Site "Wijk aan Zee"]
[Date "2000.01.22"]
[Round "6"]
[White "Lputian, Smbat G"]
[Black "Polgar, Judit"]
[Result "1-0"]
[WhiteElo "2605"]
[BlackElo "2658"]
[Annotator "Ribli,Z"]
[PlyCount "119"]
[EventDate "2000.01.15"]
[EventType "tourn"]
[EventRounds "13"]
[EventCountry "NED"]
[EventCategory "18"]
[SourceTitle "CBM 075"]
[Source "ChessBase"]
[SourceDate "2000.04.05"]
[SourceVersion "1"]
[SourceVersionDate "2000.04.05"]
[SourceQuality "1"]

1. d4 Nf6 2. Nf3 e6 3. g3 d5 {Das ist eine sichere Fortsetzung, aber Schwarz
kann auch 3...b6, 3...c5 oder 3...b5 spielen.} 4. c4 Be7 5. Bg2 O-O 6. O-O dxc4
7. Qc2 a6 8. a4 {Es hat den Anschein, dass dieser Zug Weiß bessere Chancen
bietet als die traditionelle Fortsetzung 8.Qxc4.} Bd7 9. Qxc4 Bc6 10. Bg5 a5
11. Bxf6 Bxf6 12. Nc3 Na6 {Schwarz hat das Läuferpaar und einen guten
Stützpunkt für den Springer auf b4. Trotzdem steht Weiß aktiver und kann im
folgenden mit e2-e4 sein Spiel im Zentrum aufziehen.} (12... Ra6 13. e3 Rb6 14.
Qe2 Rb4 15. Rfd1 g6 16. Qc2 Bg7 17. Rac1 Na6 18. b3 Bd5 19. Nd2 Bxg2 20. Kxg2
Rb6 21. Nc4 Nb4 22. Qe4 $14 {1-0 Yudasin,L-Aseev,K/Kostroma 1985/MCD (39)}) 13.
e4 Nb4 14. Rfd1 (14. Rad1) 14... g6 {Mit der Partiefortsetzung bereitet
Schwarz dem Läufer ein sicheres Plätzchen auf g7. Das Problem der schwarzen
Stellung ist, dass ein aktiver Spielplan nicht leicht zu finden ist.} (14... b6
15. h4 (15. Ne1 g6 16. Nb5 Bg7 17. Rac1 Rc8 18. Nd3 Nxd3 19. Rxd3 Bxb5 20. axb5
Qe7 21. e5 f6 22. Bh3 Rce8 23. d5 fxe5 24. dxe6 Kh8 25. Rd7 {1-0 Beliavsky,
A-Rozentalis,E/Batumi 1999/CBM 74 (31)}) 15... Bb7 16. Rd2 Qc8 17. Qe2 c5 $2
18. dxc5 Qxc5 19. e5 Be7 20. Nd4 Bxg2 21. Kxg2 Nd5 22. Rc1 $1 {1-0 Lputian,
S-Asrian,K/Armenia (ch) 73/560 1998/Inf 73/[Lputian,S] (43)}) (14... Ra6 $6 15.
Rac1 (15. h4 $5) 15... Rb6 16. h4 h6 $2 17. Qe2 Re8 18. Rd2 Qd7 $2 19. Qd1 Qd8
20. Nh2 Be7 21. Ng4 Rf8 22. Ne5 Be8 $2 23. Bf1 $16 {1-0 Lputian,S-Sadler,M/
Luzern 1997/Inf 71/[Lputian,S] (37)}) (14... Rb8 15. Rac1 Qd7 16. b3 Rfd8 17.
Qe2 $1 $14 {1/2-1/2 Karpov,A-Polgar,J/Dos Hermanas 1997/Inf 69/[Karpov,An] (60)
}) 15. h4 {Das ist ein für solche Stellungen typischer Raumgewinnzug.
Anschließend kann Weiß eventuell Ng5 ziehen.} (15. Qe2 Bg7 16. h4 Qe7 17. e5 (
17. Qd2 Rad8 18. Rac1 f5 $1 $15 {1/2-1/2 Akesson,R-Stefansson,H/Reykjavik 1997/
CBM 62/[Ribli] (41)}) 17... Rad8 18. Ne4 b6 19. b3 Rd7 20. Rac1 Bd5 21. Qe3
Rfd8 {1/2-1/2 Poluljahov,A-Lobzhanidze,D/Krasnodar 1997/EXT 99 (21)}) 15... Rc8
(15... b6 {[%cal Gc6b7]}) 16. Rd2 Bg7 17. Rad1 $14 {Weiß übt spürbar
positionellen Druck aus und möchte früher oder später mit d4-d5 weiteren
Raumvorteil gewinnen.} Qe7 18. Ng5 {Weiß muss nicht eilen, zuerst provoziert
er die Schwächung des schwarzen Königsflügels.} h6 (18... Rfd8 $14) 19. Nf3 b6
20. d5 Bd7 (20... exd5 21. exd5 Bd7 22. Re1 $14 (22. Nd4 $14 {Mit
Zugumstellung wir haben die Partiefortsetzung.})) 21. Nd4 (21. dxe6 $6 Bxe6 22.
Nd5 Qe8 $13) 21... exd5 22. exd5 Bg4 23. Nc6 $1 {Nach diesem Zug kann Schwarz
das Läuferpaar nicht halten.} (23. Rc1) 23... Nxc6 24. Qxg4 Ne5 25. Qe2 {
Weiß hat Raumvorteil und gute Kontrolle auf den weißen Felder, aber die
schwarze Stellung ist solide.} h5 $5 {Schwarz sichert das Feld g4 für den
Springer und kann eventuell Bh6 ziehen.} 26. Nb5 {[%csl Gb5][%cal Gd2c2,Gd1c1,
Gc1c8] Weiß verfügt über einen klaren Plan - Turmverdopplung auf der c-Linie.}
(26. f4 $2 Qc5+ $15) 26... Qb4 27. Rd4 Qc5 28. Re4 Rce8 29. Qe3 $5 {[%mdl 32]
Auf diese Weise kann Weiß die Damen tauschen, in dem daraus entstehenden
Endspiel hat er die besseren Chancen.} Qxe3 {Das ist erzwungen - 29...Qe7 geht
nicht wegen 30.f4.} 30. Rxe3 Nc4 $8 (30... Ng4 31. Rxe8 Rxe8 32. Nxc7 $16) (
30... Re7 31. Rc1 $16) 31. Rxe8 Rxe8 32. Nxc7 Rc8 33. d6 (33. Nb5 $6 Nxb2 $15)
33... Rd8 (33... Nxd6 $5 34. Rxd6 Rxc7 35. Bd5 $14 {Weiß hat das bessere
Figurenspiel, aber da das Material reduziert ist hat Schwarz gute Remischancen.
} (35. Rxb6)) 34. Nb5 Nxb2 35. Rc1 {[%cal Gc1c7,Gc7f7]} Nxa4 36. Rc7 $44 {
Schwarz hat einen Mehrbauern, dafür ist der weiße d-Bauer stark und die weißen
Figuren harmonieren besser miteinander.} Bf8 (36... Be5 37. Bd5 $44) 37. Bd5
Bxd6 38. Rxf7 Kh8 39. Be4 Be5 (39... Bc5 40. Bxg6 Nb2 $13) 40. Bxg6 Rd5 $13 41.
Na7 {[%cal Ga7c6,Gc6e7]} (41. Rh7+ Kg8 42. Bf7+ Kxh7 43. Bxd5 Nc3 $11) 41...
Rc5 {Schwarz schränkt den Spielraum des Na7 ein.} 42. Rb7 Bd4 (42... Bc7 $13)
43. Be8 Rc1+ 44. Kg2 Nc3 45. Nc6 Bc5 46. Ne5 $36 {[%csl Rh8] Schwarz hat zwar
zwei Freibauern, aber sein König steht schlecht auf h8.} a4 47. g4 $1 Re1 (
47... hxg4 48. Ng6+ Kg8 49. h5 $16) 48. Ng6+ Kg8 49. Bf7+ Kg7 50. gxh5 Ne4 $4 {
[%mdl 8192]} (50... Kh6 $1 $13 {[%csl Gh6]}) 51. Be8+ $18 Kh6 (51... Kf6 52.
Rf7+ Ke6 53. Nf4+ Kd6 54. Rd7+ Ke5 55. Nd3+ $18 {[%cal Rd3e5,Rd3e1]}) (51...
Kg8 52. h6 $18) 52. Ne7 {[%cal Re7f5,Rf5h6]} Kh7 (52... Bxe7 53. Rxe7 {[%csl
Rh6]}) (52... Kg7 53. h6+ Kh7 (53... Kxh6 54. Nf5#) 54. Nf5+ Kh8 55. Bg6 $18)
53. Bg6+ Kg7 54. Nd5+ Kf8 55. h6 Nd6 56. Rb8+ Ne8 57. Nf6 {Mit diesem Zug
gewinnt Weiß die Figur.} (57. Ne3 $18) 57... Bd4 58. Nxe8 Ke7 59. Ng7 Kf6 60.
h7 {Schwarz kann nichts gegen die Umwandlung des Bauern ausrichten.} 1-0

[Event "Japfa Classic"]
[Site "Bali"]
[Date "2000.04.24"]
[Round "3"]
[White "Karpov, Anatoly"]
[Black "Milos, Gilberto"]
[Result "1/2-1/2"]
[WhiteElo "2696"]
[BlackElo "2620"]
[Annotator "Ribli,Z"]
[PlyCount "96"]
[EventDate "2000.04.22"]
[EventType "tourn"]
[EventRounds "9"]
[EventCountry "INA"]
[EventCategory "16"]
[SourceTitle "CBM 077"]
[Source "ChessBase"]
[SourceDate "2000.07.27"]
[SourceVersion "1"]
[SourceVersionDate "2000.07.27"]
[SourceQuality "1"]

1. d4 Nf6 2. c4 e6 3. g3 {Karpov spielt in erster Linie entweder 3.Nf3 oder
den Textzug.} d5 4. Bg2 Be7 5. Nf3 O-O 6. O-O dxc4 7. Qc2 a6 8. a4 Bd7 {
Das ist interessant, auch Karpov spielt diese Variante mit Schwarz.} 9. Qxc4
Bc6 {Der Läufer steht gut auf c6, denn zieht der Nf3, so kann Schwarz den
"katalanischen" Läufer abtauschen. In einigen Varianten findet das
Verteidigungsmotiv Bxf3 nebst c6 Anwendung.} 10. Bg5 a5 {[%csl Yb4][%cal Gb8a6,
Ga6b4]} 11. Nc3 Na6 12. Bxf6 {Das ist die beste Fortsetzung für Weiß. Er gibt
das Läuferpaar freiwillig auf und bekommt dafür ein starkes Zentrum.} (12. Rac1
Bd5 $5 (12... Qd6 13. Ne5 Bxg2 14. Kxg2 c6 15. Bxf6 gxf6 16. Nf3 $14 {Diese
Stellung entstand in der Partie Kasparov,G - Karpov,A Moskau (Match/22) 1984.})
) 12... Bxf6 13. e4 Nb4 {Schwarz hat in der Tat eine feste Stellung und sein
Springer hat einen "ewigen" Stützpunkt auf b4. Dennoch hat Weiß - dank seines
Zentrumsvorteils - die Initiative.} 14. Rfd1 b6 {Schwarz versucht -
verständlicherweise - die Stellung des weißfeldrigen Läufers zu verbessern.} (
14... Rb8 15. Rac1 Qd7 16. b3 Rfd8 17. Qe2 Rbc8 18. h4 Qe8 19. Bh3 $14 {
1/2-1/2 Karpov,A-Polgar,J/Dos Hermanas 1997/CBM 59/[Ribli] (60)}) (14... Ra6 $6
15. Rac1 $14 {1-0 Lputian,S-Sadler,M/Luzern 1997/CBM 62/[Ribli] (37)}) 15. Rd2
(15. Rac1 Qc8 16. Ne1 Rd8 17. Nb5 Qb7 18. e5 Bxg2 19. Nxg2 Bg5 20. f4 c6 21.
Nd6 {1-0 Kaidanov,G-Murzin,L/New York USA 2000/The Week in Chess 288 (43)}) (
15. Ne1 g6 16. Nb5 Bg7 17. Rac1 Rc8 18. Nd3 Nxd3 19. Rxd3 Bxb5 20. axb5 Qe7 21.
e5 f6 22. Bh3 Rce8 23. d5 fxe5 24. dxe6 Kh8 25. Rd7 Qf6 26. Qe2 e4 27. Rcxc7 {
1-0 Beliavsky,A-Rozentalis,E/Eu Team Ch Batumi GEO 1999 (31)}) (15. h4 Bb7 16.
Rd2 Qc8 17. Qe2 c5 $2 (17... c6 $5) 18. dxc5 Qxc5 (18... bxc5 19. Nb5 Ba6 20.
Rc1 Rb8 21. b3 $14) 19. e5 {1-0 Lputian,S-Asrian,K/Armenia (ch) 73/560 1998/
Inf 73/[Lputian,S] (43)}) 15... Bb7 16. Qe2 $5 {Das ist ein Vorschlag von
Großmeister Bagirov in Informator 73 (nach seiner Partie gegen Zueger - siehe
16.Rad1), es ist die beste Fortsetzung für Weiß. Die Dame bekommt ein gutes
Feld auf e3.} (16. Rad1 c6 (16... Ba6 $1 17. Qb3 Qc8 $5 18. Rc1 (18. d5 exd5
19. Nxd5 Nxd5 20. exd5 Be7 $1 21. d6 $5 Bxd6 22. Ng5 Rb8 23. Qc2 g6 24. Ne4 Qe6
{1/2-1/2 Zueger,B-Bagirov,R/Biel 73/(560) 1998/(24)}) 18... Nd3 $1 19. Rcd1 Nb4
$11) 17. Ne5 Ba6 18. Qb3 Qc7 19. Ng4 Bg5 20. f4 Be7 21. e5 Rad8 22. Ne4 c5 23.
dxc5 Rxd2 24. Rxd2 bxc5 25. Ngf6+ Bxf6 26. exf6 Rd8 {0-1 Akesson,R-Leitao,R/
Cappelle La Grande FRA 2000 (53)}) 16... Ba6 {Der Läufer steht auf a6 viel
aktiver als auf der großen Diagonale.} (16... g6 17. h4 Qe7 18. Qe3 Rac8 19.
Rad1 h5 20. Ne1 Bg7 21. f4 Rfd8 22. e5 Bxg2 23. Nxg2 Qd7 24. Kh2 Nd5 25. Qf3
Nxc3 26. bxc3 Qxa4 27. g4 $36 {1/2-1/2 Foisor,C-Bagirov,R/Cappelle La Grande
FRA 2000 (35)}) 17. Qe3 c6 {[%mdl 4] Wieder wählt Schwarz den besten Plan -
Schwarz muss abwarten. Prinzipiell wäre der Zug c5 gut, aber er muss damit
nicht eilen.} 18. h4 $14 {Weiß kontrolliert mehr Raum, und dieser typische Zug
bietet Weiß die Möglichkeit Nh2-g4 zu spielen und seinen Gegner am
Königsflügel zu provozieren.} Qc7 19. Rc1 {[%cal Gc1c7]} Rad8 20. e5 {Weiß hat
schon alle Vorbereitungszüge ausgeführt, jetzt startet er seine Aktion. Dieser
Zug gibt Schwarz zwar die Kontrolle über das Feld d5, aber wenn Schwarz das
Feld mit seinem Springer besetzt, kann Weiß den Springer abtauschen.} Be7 21.
Ng5 {Dieser Springerzug ist auch eine Idee von 18.h4.} Rd7 (21... Bc4 $5 {
[%cal Gc4b3,Gc4d5]}) (21... h6 $6 22. Nh3 $14 {[%cal Gh3f4]}) (21... Bxg5 $6
22. hxg5 $36 {Weiß übt spürbar positionellen Druck am Königsflügel aus.}) 22.
Be4 g6 23. b3 {Richtet sich gegen den Zug Bc4.} Qd8 {[%cal Gc6c5][%mdl 32] Mit
dieser Fortsetzung bereitet Schwarz den Ausgleichszug 24...c5 vor. Nach 24...
c5 kann Schwarz - dank des Läuferpaares - mehr als Ausgleich erreichen.} 24.
Rcd1 (24. Bg2 c5 25. Rcd1 cxd4 26. Rxd4 Rxd4 27. Rxd4 Qc7 $15) 24... Nd5 25.
Nxd5 cxd5 $11 {Die Bauernstellung ist symmetrisch, und auch wenn Weiß leichten
Raumvorteil hat, ist die Stellung doch ausgeglichen.} 26. Bd3 {Es ist logisch,
dass Weiß den aktiven schwarze Läufer abtauscht.} Bxd3 27. Rxd3 Rc7 {[%cal
Gc7c1]} 28. Rc1 {Weiß scheint etwas besser zu stehen, weil er sich die
Herrschafft über die c-Linie verschaffen kann.} b5 $5 {Mit diesem
vorübergehenden Bauernopfer beginnt Schwarz, die Bauern am Damenflügel
abzutauschen.} (28... Bb4 $11) 29. axb5 Bxg5 30. hxg5 Rxc1+ 31. Qxc1 Qb6 32.
Qc6 (32. Qc5 Rb8 $11) 32... Rb8 33. Rf3 (33. Rc3 Qxb5 $11) 33... Qxb5 34. Qc7 {
Die weiße Stellung erscheint aktiver, aber Schwarz kann sich leicht
verteidigen.} Rf8 35. Kg2 a4 36. bxa4 Qxa4 {Die Stellung wirkt totremis, aber
der Exweltmeister spielt gern solche langweilige Endspiele.} 37. Rf4 Qb4 38.
Qa7 Kg7 39. Qa1 Qe7 {[%cal Re7g5]} 40. Qc1 {[%cal Gc1g5]} Ra8 (40... Qxg5 $4
41. Rxf7+ $18 {[%cal Rc1g5,Rf7g7]}) 41. Rh4 Rd8 42. Qf4 (42. Qh1 Rh8 $11) 42...
Kg8 43. Rh1 Qf8 $8 (43... Kg7 $2 44. Qf6+ (44. Qh4 Rh8 45. Qh6+ Kg8 46. Ra1 $36
) 44... Qxf6 45. exf6+ Kg8 46. Ra1 $16) 44. Qh4 Qg7 45. Qh6 Rb8 (45... Qxh6 $2
46. gxh6 $16) 46. Ra1 Qf8 47. Qh4 Ra8 48. Rh1 (48. Rxa8 Qxa8 $11) 48... Qg7
1/2-1/2